000 00623nam a2200217Ia 4500
005 20241129111144.0
008 241129s9999||||xx |||||||||||||| ||und||
020 _a978-93-91297-19-0
037 _aTB
040 _aCRL
_beng
_cCRL
041 _aeng
_2eng
084 _aR6 R3
_qCRL
100 _aSharma Vandana 'Diya' Au.; Kaushalendra Singh Au.
_9726318
245 0 _aNature's wisdom : indian philosophical insights
260 _aVaranasi, India
_bChakhamba Sanskrit Pustakalaya
_c2023
300 _a349p.
365 _aINR
_b995
650 _aPHILOSOPHY
942 _cTB
_hR6 R3
999 _c1229179
_d1229179